000
00252nam a2200109Ia 4500
008
190216s9999||||xx |||||||||||||| ||und||
100
_a
Sukumaran M
245
0
_a
Marichittillathavarude Smarakangal
260
_b
Null
650
_a
Kathakal
942
_c
BK
999
_c
25414
_d
25414